|
|
|
|
| LEADER |
00000nab a2200000 a 4500 |
| 001 |
vtls000349259 |
| 003 |
SK-MaSNL |
| 005 |
20260304233908.0 |
| 008 |
250424c1989 xo 0 slo |
| 015 |
|
|
|a SNBRB19rr/mm-uuuuu
|
| 035 |
|
|
|a CL0349381
|
| 035 |
|
|
|a urn:nbn:sk:snk-abf1lo
|
| 035 |
|
|
|a (urnnbn)urn:nbn:sk:snk:ar-0041vf
|
| 035 |
|
|
|a (uuid)0f9d1ee3-3053-4dd2-86f7-f53a58f68c54
|
| 040 |
|
|
|a SNKBUCL
|b slo
|c SNKBUCL
|e AACR2
|
| 041 |
0 |
|
|a slo
|
| 044 |
|
|
|a xo
|c SK
|
| 080 |
|
|
|a 633.1:664.6/.7:061.3
|2 1981
|
| 080 |
|
|
|a 664.6/.7
|2 1981
|
| 080 |
|
|
|a 061.3
|2 1981
|
| 100 |
1 |
|
|a Michalík, Ivan,
|d 1936-
|4 aut
|9 107045
|
| 245 |
1 |
0 |
|a Osmy medzinárodný kongres o obilí a chlebe
|c Ivan Michalík
|
| 650 |
0 |
7 |
|a obilniny
|2 snkbucl
|9 19007
|
| 655 |
|
7 |
|a články z novín a časopisov
|2 snkbucl
|9 267496
|
| 773 |
0 |
|
|t Poľnohospodárstvo
|g Roč. 35, č. 2 (1989), s. 175-180
|
| 850 |
|
|
|a Slovenská národná knižnica
|
| 852 |
|
|
|a Slovenská národná knižnica
|
| 954 |
|
|
|a odborná, vedecká literatúra pôvodná (slovenská)
|2 lita
|
| 958 |
|
|
|a article27
|
| 958 |
|
|
|a RK
|
| 958 |
|
|
|a OND
|
| 958 |
|
|
|a EUIPO
|
| 992 |
|
|
|a RBX
|
| 999 |
|
|
|c 3200764
|d 3202694
|